Estadísticas para Municipios de Colombia en un Mapa

Haz click aquí para tomar la prueba!

Estadísticas generales

  • Esta prueba ha sido tomada 1.549 veces
  • La puntuación promedio es 285 de 1122

Respuestas en el mapa

Las respuestas están codificadas por una escala verde-roja en el mapa de la prueba según el % correcto abajo.
 

Estadísticas de respuestas

DepartamentoMunicipio% Correcto
Bogotá, D.C.Bogotá
86%
AntioquiaMedellín
84%
Valle del CaucaCali
81%
AtlánticoBarranquilla
76%
MagdalenaSanta Marta
71%
AmazonasLeticia
70%
CaldasSan José
66%
SantanderBucaramanga
64%
NariñoPasto
63%
AraucaArauca
60%
Antioquia | QuindioArmenia
60%
AntioquiaBello
60%
RisaraldaPereira
60%
ChocóQuibdó
60%
TolimaIbagué
59%
CasanareManí
59%
La GuajiraRiohacha
59%
San Andrés y Providencia | SantanderSan Andrés
59%
MetaVillavicencio
59%
CundinamarcaSoacha
57%
AtlánticoSoledad
57%
CesarValledupar
57%
Valle del CaucaBuenaventura
56%
CaldasManizales
56%
CórdobaMontería
55%
HuilaNeiva
55%
Antioquia | SantanderRionegro
55%
BoyacáTunja
55%
CundinamarcaGirardot
54%
SantanderBarrancabermeja
53%
CundinamarcaChía
53%
CundinamarcaMadrid
53%
AntioquiaEnvigado
52%
Caquetá | CaucaFlorencia
52%
AntioquiaItagüí
52%
CaucaPopayán
52%
Bolívar | CaucaSanta Rosa
52%
BolívarCartagena de Indias
50%
SucreSincelejo
50%
CundinamarcaZipaquirá
50%
VaupésMitú
49%
PutumayoMocoa
49%
VichadaPuerto Carreño
49%
Antioquia | BoyacáCaldas
48%
GuainíaInírida
47%
Cauca | Santander | Valle del CaucaBolívar
46%
Valle del CaucaFlorida
46%
CasanareYopal
46%
Nariño | San Andrés y ProvidenciaProvidencia
45%
Sucre | Valle del CaucaSan Pedro
45%
AntioquiaTurbo
45%
Antioquia | Cundinamarca | MetaGranada
44%
NariñoIpiales
44%
CaldasLa Dorada
44%
GuaviareSan José del Guaviare
44%
BoyacáVilla de Leyva
44%
BoyacáDuitama
43%
Norte de SantanderEl Carmen
43%
CundinamarcaFusagasugá
43%
TolimaHonda
43%
TolimaMelgar
43%
Valle del CaucaPalmira
43%
Atlántico | GuainíaPuerto Colombia
43%
Bolívar | Nariño | QuindioCórdoba
42%
AntioquiaSabaneta
42%
Antioquia | CórdobaSan Carlos
42%
Antioquia | TolimaSan Luis
42%
BoyacáSogamoso
42%
RisaraldaDosquebradas
41%
AntioquiaGuatapé
41%
La GuajiraMaicao
41%
QuindioSalento
41%
Antioquia | Cundinamarca | PutumayoSan Francisco
41%
AntioquiaSanta Fé de Antioquia
41%
Norte de Santander | PutumayoSantiago
41%
BoyacáChiquinquirá
40%
CundinamarcaFacatativá
40%
SantanderFloridablanca
40%
CundinamarcaFunza
40%
Antioquia | Cundinamarca | NariñoNariño
40%
HuilaPital
40%
Boyacá | HuilaSanta María
40%
BoyacáToca
40%
AraucaArauquita
39%
TolimaArmero
39%
Antioquia | SantanderBarbosa
39%
Boyacá | NariñoBelén
39%
CundinamarcaCajicá
39%
Valle del CaucaCartago
39%
MagdalenaCiénaga
39%
CundinamarcaCota
39%
SantanderGirón
39%
HuilaPitalito
39%
TolimaSan Antonio
39%
SantanderSan Gil
39%
Cesar | MetaSan Martín
39%
MetaAcacías
38%
AntioquiaApartadó
38%
QuindioCalarcá
38%
HuilaColombia
38%
Valle del CaucaJamundí
38%
Antioquia | BoyacáJericó
38%
AntioquiaNecoclí
38%
Caldas | ChocóRiosucio
38%
Bolívar | Casanare | La Guajira | SantanderVillanueva
38%
CundinamarcaVilleta
38%
Valle del CaucaYumbo
38%
CesarAguachica
37%
BoyacáBoyacá
37%
TolimaCajamarca
37%
SucreCoveñas
37%
QuindioFilandia
37%
AntioquiaJardín
37%
Cundinamarca | NariñoMosquera
37%
BoyacáPuerto Boyacá
37%
BolívarSanta Catalina
37%
RisaraldaSanta Rosa de Cabal
37%
AntioquiaSanta Rosa de Osos
37%
Valle del CaucaSevilla
37%
Cauca | Santander | SucreSucre
37%
Valle del CaucaTuluá
37%
MagdalenaAracataca
36%
Valle del CaucaGuadalajara de Buga
36%
Antioquia | Nariño | Sucre | Valle del CaucaLa Unión
36%
AtlánticoMalambo
36%
BolívarMompós
36%
BoyacáPaipa
36%
Norte de SantanderPamplona
36%
AntioquiaPuerto Berrío
36%
HuilaSan Agustín
36%
La GuajiraUribia
36%
AntioquiaItuango
35%
CundinamarcaLa Calera
35%
Antioquia | Atlántico | CasanareSabanalarga
35%
Bolívar | NariñoSan Pablo
35%
Antioquia | Nariño | SantanderSanta Bárbara
35%
CaquetáSan Vicente del Caguán
35%
AraucaTame
35%
AntioquiaUrrao
35%
Valle del CaucaBugalagrande
34%
AntioquiaCopacabana
34%
AntioquiaLa Estrella
34%
CundinamarcaLa Mesa
34%
TolimaLíbano
34%
AntioquiaMarinilla
34%
AmazonasPuerto Nariño
34%
CaucaSan Sebastián
34%
NariñoSantacruz
34%
CundinamarcaSopó
34%
CundinamarcaTocancipá
34%
BolívarTurbaco
34%
Antioquia | CundinamarcaVenecia
34%
SantanderBarichara
33%
AntioquiaCaucasia
33%
NariñoEl Peñol
33%
AntioquiaGirardota
33%
Antioquia | Huila | SantanderGuadalupe
33%
CundinamarcaGuaduas
33%
AntioquiaLa Ceja
33%
Cauca | CundinamarcaLa Vega
33%
Norte de SantanderOcaña
33%
PutumayoPuerto Asís
33%
AntioquiaPuerto Triunfo
33%
Norte de SantanderSan José de Cúcuta
33%
SantanderSocorro
33%
AntioquiaZaragoza
33%
Antioquia | Cauca | Valle del CaucaArgelia
32%
AntioquiaChigorodó
32%
BolívarMagangué
32%
BoyacáMoniquirá
32%
ChocóNuquí
32%
MetaPuerto López
32%
QuindioQuimbaya
32%
AtlánticoSanto Tomás
32%
AntioquiaSonsón
32%
CundinamarcaTenjo
32%
Cundinamarca | NariñoAlbán
31%
CundinamarcaAnapoima
31%
AntioquiaAndes
31%
CaldasAnserma
31%
AntioquiaArboletes
31%
Antioquia | BoyacáBriceño
31%
AntioquiaCáceres
31%
AntioquiaEl Bagre
31%
MagdalenaEl Banco
31%
AntioquiaGuarne
31%
CundinamarcaGuatavita
31%
Cesar | SantanderLa Paz
31%
CórdobaLorica
31%
Caldas | HuilaPalestina
31%
PutumayoPuerto Leguízamo
31%
Caquetá | MetaPuerto Rico
31%
BoyacáRáquira
31%
CaldasRisaralda
31%
AntioquiaSan Jerónimo
31%
SucreSan Marcos
31%
Putumayo | SantanderSan Miguel
31%
CaucaSantander de Quilichao
31%
AntioquiaSegovia
31%
Antioquia | Norte de SantanderToledo
31%
CórdobaValencia
31%
SantanderVélez
31%
AntioquiaYarumal
31%
AntioquiaYolombó
31%
AntioquiaAbejorral
30%
CasanareAguazul
30%
AntioquiaAmalfi
30%
CaucaBuenos Aires
30%
AntioquiaCaicedo
30%
Atlántico | Valle del CaucaCandelaria
30%
TolimaEspinal
30%
HuilaGarzón
30%
MetaLa Macarena
30%
La GuajiraManaure
30%
Boyacá | GuaviareMiraflores
30%
QuindioMontenegro
30%
AntioquiaMutatá
30%
AntioquiaNechí
30%
SantanderPiedecuesta
30%
MetaPuerto Gaitán
30%
SantanderPuerto Wilches
30%
Cundinamarca | NariñoRicaurte
30%
Cundinamarca | NariñoSan Bernardo
30%
BolívarSan Cristóbal
30%
CesarSan Diego
30%
MagdalenaSanta Ana
30%
AtlánticoSanta Lucía
30%
MetaUribe
30%
Antioquia | CaquetáValparaíso
30%
SantanderAguada
29%
AntioquiaAmagá
29%
Boyacá | Córdoba | Quindio | SucreBuenavista
29%
CaquetáCartagena del Chairá
29%
CórdobaCereté
29%
AntioquiaCocorná
29%
VichadaCumaribo
29%
CórdobaMontelíbano
29%
MagdalenaPlato
29%
La GuajiraSan Juan del Cesar
29%
TolimaSanta Isabel
29%
AntioquiaSanto Domingo
29%
AntioquiaYondó
29%
AntioquiaAlejandría
28%
Antioquia | SantanderBetulia
28%
CesarBosconia
28%
TolimaCarmen de Apicalá
28%
SantanderCimitarra
28%
AntioquiaCiudad Bolívar
28%
Nariño | PutumayoColón
28%
Antioquia | SantanderConcepción
28%
Antioquia | MagdalenaConcordia
28%
SucreCorozal
28%
AntioquiaEl Carmen de Viboral
28%
AntioquiaEl Santuario
28%
La GuajiraFonseca
28%
TolimaFresno
28%
SantanderGuaca
28%
SantanderHato
28%
AmazonasLa Chorrera
28%
HuilaLa Plata
28%
CórdobaPlaneta Rica
28%
AntioquiaPuerto Nare
28%
Caldas | MagdalenaSalamina
28%
CesarSan Alberto
28%
SucreSan Onofre
28%
AntioquiaSan Rafael
28%
SucreSantiago de Tolú
28%
CundinamarcaSibaté
28%
CundinamarcaSilvania
28%
AntioquiaSopetrán
28%
CórdobaTierralta
28%
AntioquiaValdivia
28%
BoyacáVentaquemada
28%
CundinamarcaVillapinzón
28%
HuilaVillavieja
28%
ChocóAcandí
27%
CesarAgustín Codazzi
27%
Caquetá | La Guajira | SantanderAlbania
27%
TolimaAmbalema
27%
AntioquiaAngelópolis
27%
AntioquiaAnorí
27%
ChocóAtrato
27%
La GuajiraBarrancas
27%
AntioquiaCaracolí
27%
AntioquiaCarepa
27%
TolimaChaparral
27%
CórdobaCiénaga de Oro
27%
AntioquiaDabeiba
27%
AntioquiaDonmatías
27%
AntioquiaEbéjico
27%
AmazonasEl Encanto
27%
BolívarEl Guamo
27%
Norte de SantanderEl Tarra
27%
AntioquiaEntrerríos
27%
MagdalenaFundación
27%
QuindioGénova
27%
HuilaGigante
27%
AntioquiaLa Pintada
27%
TolimaMurillo
27%
CundinamarcaNilo
27%
QuindioPijao
27%
CórdobaPueblo Nuevo
27%
MagdalenaPuebloviejo
27%
Amazonas | Norte de SantanderPuerto Santander
27%
AntioquiaRemedios
27%
Meta | Valle del CaucaRestrepo
27%
AntioquiaRetiro
27%
Valle del CaucaRoldanillo
27%
AtlánticoSabanagrande
27%
CórdobaSahagún
27%
AntioquiaSan Juan de Urabá
27%
BoyacáSan Mateo
27%
BoyacáSantana
27%
AmazonasTarapacá
27%
AntioquiaTarazá
27%
AntioquiaTitiribí
27%
BoyacáTota
27%
La GuajiraUrumita
27%
Norte de SantanderVilla del Rosario
27%
MetaVistahermosa
27%
MagdalenaZona Bananera
27%
AntioquiaAbriaquí
26%
AntioquiaAngostura
26%
Valle del CaucaAnsermanuevo
26%
AntioquiaAnzá
26%
Bolívar | GuaviareCalamar
26%
TolimaFlandes
26%
AntioquiaFredonia
26%
AntioquiaHispania
26%
AmazonasLa Pedrera
26%
CasanareMonterrey
26%
AntioquiaMurindó
26%
AntioquiaOlaya
26%
PutumayoOrito
26%
SucreOvejas
26%
AntioquiaPeñol
26%
AntioquiaPeque
26%
AntioquiaPueblorrico
26%
AntioquiaSalgar
26%
GuainíaSan Felipe
26%
BolívarSan Fernando
26%
BolívarSan Jacinto
26%
AntioquiaSan Roque
26%
RisaraldaSantuario
26%
CaquetáSolano
26%
Cauca | TolimaSuárez
26%
PutumayoVillagarzón
26%
AntioquiaYalí
26%
CaldasAguadas
25%
HuilaAipe
25%
ChocóAlto Baudó
25%
Valle del CaucaAndalucía
25%
TolimaAnzoátegui
25%
BolívarArjona
25%
ChocóBahía Solano
25%
ChocóBajo Baudó
25%
AtlánticoBaranoa
25%
AntioquiaBelmira
25%
AntioquiaBetania
25%
AntioquiaBuriticá
25%
AntioquiaCampamento
25%
AntioquiaCañasgordas
25%
CundinamarcaCáqueza
25%
AntioquiaCaramanta
25%
AntioquiaCarolina
25%
CaldasChinchiná
25%
CórdobaChinú
25%
CundinamarcaChoachí
25%
CundinamarcaChocontá
25%
AntioquiaCisneros
25%
La GuajiraDibulla
25%
BolívarEl Carmen de Bolívar
25%
MetaEl Dorado
25%
Bolívar | Cundinamarca | SantanderEl Peñón
25%
CaldasFiladelfia
25%
AntioquiaFrontino
25%
Valle del CaucaGinebra
25%
AntioquiaGiraldo
25%
Magdalena | MetaGuamal
25%
CundinamarcaGuayabetal
25%
AntioquiaHeliconia
25%
ChocóIstmina
25%
CundinamarcaJerusalén
25%
VichadaLa Primavera
25%
CaldasManzanares
25%
MetaMapiripán
25%
CaldasMarquetalia
25%
RisaraldaMarsella
25%
CundinamarcaMedina
25%
CundinamarcaPacho
25%
SantanderPalmar
25%
CasanarePaz de Ariporo
25%
CaldasPensilvania
25%
TolimaPlanadas
25%
AtlánticoPonedera
25%
AmazonasPuerto Alegría
25%
CundinamarcaPuerto Salgar
25%
TolimaRioblanco
25%
AntioquiaSan Andrés de Cuerquía
25%
NariñoSan Andrés de Tumaco
25%
SantanderSan Benito
25%
AntioquiaSan Pedro de los Milagros
25%
AntioquiaSan Pedro de Urabá
25%
CórdobaSan Pelayo
25%
TolimaSan Sebastián de Mariquita
25%
VichadaSanta Rosalía
25%
AraucaSaravena
25%
CundinamarcaSasaima
25%
AtlánticoSuan
25%
CundinamarcaTabio
25%
AntioquiaTarso
25%
Norte de SantanderTibú
25%
Valle del CaucaToro
25%
CundinamarcaUne
25%
AntioquiaUramita
25%
AntioquiaVegachí
25%
AntioquiaVigía del Fuerte
25%
BolívarAchí
24%
Valle del CaucaAlcalá
24%
HuilaAlgeciras
24%
TolimaAlvarado
24%
CundinamarcaAnolaima
24%
RisaraldaApía
24%
BoyacáAquitania
24%
CórdobaAyapel
24%
Cauca | RisaraldaBalboa
24%
CaldasBelalcázar
24%
Valle del CaucaCaicedonia
24%
QuindioCircasia
24%
CesarCurumaní
24%
CundinamarcaEl Colegio
24%
AtlánticoGalapa
24%
CundinamarcaGama
24%
AntioquiaGómez Plata
24%
CesarLa Jagua de Ibirico
24%
La GuajiraLa Jagua del Pilar
24%
QuindioLa Tebaida
24%
Amazonas | Boyacá | Valle del CaucaLa Victoria
24%
MetaLejanías
24%
AntioquiaLiborina
24%
CórdobaLos Córdobas
24%
SantanderLos Santos
24%
AtlánticoLuruaco
24%
AntioquiaMaceo
24%
SantanderMálaga
24%
BolívarMaría La Baja
24%
BoyacáMonguí
24%
CórdobaMoñitos
24%
AntioquiaMontebello
24%
HuilaNátaga
24%
Boyacá | CaucaPáez
24%
RisaraldaPueblo Rico
24%
AmazonasPuerto Arica
24%
CaucaPuerto Tejada
24%
CesarRío de Oro
24%
HuilaRivera
24%
CórdobaSan Antero
24%
CórdobaSan Bernardo del Viento
24%
AntioquiaSan José de la Montaña
24%
BolívarSanta Rosa del Sur
24%
CundinamarcaSesquilé
24%
CundinamarcaSubachoque
24%
CesarTamalameque
24%
AntioquiaTámesis
24%
CasanareTauramena
24%
HuilaTeruel
24%
CundinamarcaTocaima
24%
CaucaToribío
24%
Valle del CaucaTrujillo
24%
CundinamarcaVilla de San Diego de Ubaté
24%
TolimaVillahermosa
24%
CaldasVillamaría
24%
SantanderZapatoca
24%
CundinamarcaAgua de Dios
23%
TolimaAlpujarra
23%
NariñoArboleda
23%
TolimaAtaco
23%
RisaraldaBelén de Umbría
23%
TolimaCasabianca
23%
CesarChimichagua
23%
Valle del CaucaEl Águila
23%
Valle del CaucaEl Cairo
23%
BoyacáEl Cocuy
23%
CaquetáEl Doncello
23%
GuaviareEl Retorno
23%
CundinamarcaEl Rosal
23%
CundinamarcaFómeque
23%
CundinamarcaGachancipá
23%
CesarGonzález
23%
TolimaGuamo
23%
CundinamarcaGuasca
23%
La GuajiraHatonuevo
23%
HuilaHobo
23%
HuilaLa Argentina
23%
RisaraldaLa Virginia
23%
SantanderLebrija
23%
TolimaLérida
23%
AtlánticoManatí
23%
ChocóMedio Baudó
23%
MetaMesetas
23%
CaquetáMilán
23%
CórdobaMomil
23%
TolimaNatagaima
23%
CesarPailitas
23%
HuilaPalermo
23%
AtlánticoPalmar de Varela
23%
CórdobaPuerto Escondido
23%
CórdobaPuerto Libertador
23%
MetaPuerto Lleras
23%
BoyacáSanta Rosa de Viterbo
23%
CundinamarcaSimijaca
23%
BoyacáSutamarchán
23%
CundinamarcaSutatausa
23%
BoyacáTenza
23%
CaucaTimbiquí
23%
AtlánticoTubará
23%
CaldasVictoria
23%
CaldasViterbo
23%
Valle del CaucaZarzal
23%
HuilaAcevedo
22%
HuilaAltamira
22%
CaldasAranzazu
22%
BolívarArenal
22%
GuainíaBarrancominas
22%
CaquetáBelén de los Andaquíes
22%
CundinamarcaBojacá
22%
ChocóBojayá
22%
Valle del CaucaCalima
22%
HuilaCampoalegre
22%
BolívarCantagallo
22%
SantanderCapitanejo
22%
La GuajiraDistracción
22%
CesarEl Copey
22%
La GuajiraEl Molino
22%
CesarEl Paso
22%
Cauca | NariñoEl Tambo
22%
Norte de SantanderEl Zulia
22%
CesarGamarra
22%
BoyacáIza
22%
SantanderJordán
22%
CesarLa Gloria
22%
BolívarMahates
22%
Bolívar | CaucaMorales
22%
BoyacáMuzo
22%
CaldasNeira
22%
CundinamarcaNemocón
22%
CundinamarcaParatebueno
22%
TolimaPiedras
22%
AtlánticoPiojó
22%
MagdalenaPivijay
22%
NariñoPolicarpa
22%
AtlánticoPolonuevo
22%
CesarPueblo Bello
22%
SantanderPuente Nacional
22%
MetaPuerto Concordia
22%
PutumayoPuerto Guzmán
22%
AraucaPuerto Rondón
22%
AtlánticoRepelón
22%
Valle del CaucaRiofrío
22%
TolimaRoncesvalles
22%
SucreSampués
22%
CórdobaSan Andrés de Sotavento
22%
MetaSan Carlos de Guaroa
22%
MetaSan Juanito
22%
BolívarSan Juan Nepomuceno
22%
MagdalenaSan Zenón
22%
MagdalenaSitionuevo
22%
BoyacáSoatá
22%
CundinamarcaTausa
22%
MagdalenaTenerife
22%
CasanareTrinidad
22%
NariñoTúquerres
22%
BolívarTurbaná
22%
BoyacáTuta
22%
ChocóUnión Panamericana
22%
AtlánticoUsiacurí
22%
Valle del CaucaVersalles
22%
CaucaVilla Rica
22%
TolimaVillarrica
22%
CundinamarcaYacopí
22%
HuilaAgrado
21%
CesarAstrea
21%
BolívarBarranco de Loba
21%
CesarBecerril
21%
Cundinamarca | SantanderCabrera
21%
CaucaCaldono
21%
SantanderCalifornia
21%
CaucaCaloto
21%
AtlánticoCampo de la Cruz
21%
CórdobaCanalete
21%
SantanderCerrito
21%
SantanderChima
21%
CórdobaChimá
21%
CesarChiriguaná
21%
CaucaCorinto
21%
CórdobaCotorra
21%
AraucaCravo Norte
21%
CaquetáEl Paujíl
21%
MagdalenaEl Piñón
21%
MagdalenaEl Retén
21%
CundinamarcaGachetá
21%
BolívarHatillo de Loba
21%
AtlánticoJuan de Acosta
21%
CórdobaLa Apartada
21%
CaquetáLa Montañita
21%
SucreMajagual
21%
CaldasMarulanda
21%
ChocóMedio Atrato
21%
CaquetáMorelia
21%
BoyacáNobsa
21%
MagdalenaNueva Granada
21%
NariñoOlaya Herrera
21%
Norte de SantanderPamplonita
21%
CesarPelaya
21%
CasanarePore
21%
PutumayoPuerto Caicedo
21%
TolimaPurificación
21%
BoyacáRamiriquí
21%
BoyacáRondón
21%
TolimaSaldaña
21%
NariñoSamaniego
21%
CundinamarcaSan Antonio del Tequendama
21%
SucreSan Benito Abad
21%
BolívarSan Estanislao
21%
BolívarSan Jacinto del Cauca
21%
SucreSan Luis de Sincé
21%
BolívarSan Martín de Loba
21%
MagdalenaSan Sebastián de Buenavista
21%
BoyacáSanta Sofía
21%
SantanderSan Vicente de Chucurí
21%
AntioquiaSan Vicente Ferrer
21%
BoyacáSativanorte
21%
BoyacáSativasur
21%
CaucaSilvia
21%
CaquetáSolita
21%
CundinamarcaSuesca
21%
CundinamarcaSusa
21%
CórdobaTuchín
21%
CundinamarcaViotá
21%
MagdalenaAlgarrobo
20%
BolívarAltos del Rosario
20%
CundinamarcaApulo
20%
SantanderAratoca
20%
CundinamarcaArbeláez
20%
Norte de SantanderArboledas
20%
MagdalenaAriguaní
20%
BolívarArroyohondo
20%
VaupésCarurú
20%
MetaCastilla la Nueva
20%
SucreChalán
20%
BolívarClemencia
20%
MetaCumaral
20%
Valle del CaucaDagua
20%
TolimaDolores
20%
ChocóEl Carmen de Atrato
20%
SantanderEl Carmen de Chucuri
20%
MetaEl Castillo
20%
Valle del CaucaEl Cerrito
20%
CaucaGuachené
20%
SucreGuaranda
20%
CundinamarcaGutiérrez
20%
TolimaIcononzo
20%
ChocóLloró
20%
CesarManaure Balcón del Cesar
20%
ChocóMedio San Juan
20%
CaucaMiranda
20%
RisaraldaMistrató
20%
SucreMorroa
20%
CasanareOrocué
20%
CaldasPácora
20%
SantanderPalmas del Socorro
20%
BoyacáPesca
20%
BolívarPinillos
20%
Valle del CaucaPradera
20%
TolimaPrado
20%
CaucaRosas
20%
TolimaRovira
20%
Cundinamarca | Norte de SantanderSan Cayetano
20%
CórdobaSan José de Uré
20%
CundinamarcaSan Juan de Rioseco
20%
CasanareSan Luis de Palenque
20%
PutumayoSibundoy
20%
BoyacáSutatenza
20%
CundinamarcaÚtica
20%
TolimaVenadillo
20%
NariñoBarbacoas
19%
MetaBarranca de Upía
19%
SucreCaimito
19%
SucreColosó
19%
BoyacáCómbita
19%
MetaCubarral
19%
CaquetáCurillo
19%
ChocóEl Litoral del San Juan
19%
SucreEl Roble
19%
TolimaFalan
19%
AraucaFortul
19%
NariñoFrancisco Pizarro
19%
MetaFuente de Oro
19%
SantanderGalán
19%
SucreGaleras
19%
Valle del CaucaGuacarí
19%
CundinamarcaGuachetá
19%
CaucaGuapi
19%
TolimaHerveo
19%
ChocóJuradó
19%
BoyacáLa Capilla
19%
Norte de SantanderLa Esperanza
19%
GuainíaLa Guadalupe
19%
SantanderLandázuri
19%
Norte de SantanderLa Playa
19%
BoyacáLa Uvita
19%
CundinamarcaManta
19%
BolívarMargarita
19%
AmazonasMirití - Paraná
19%
CaldasNorcasia
19%
BoyacáNuevo Colón
19%
TolimaOrtega
19%
CundinamarcaPandi
19%
MagdalenaPedraza
19%
MagdalenaPijiño del Carmen
19%
BoyacáPisba
19%
CórdobaPurísima de la Concepción
19%
RisaraldaQuinchía
19%
MagdalenaRemolino
19%
BolívarRío Viejo
19%
MagdalenaSabanas de San Ángel
19%
CaldasSamaná
19%
BoyacáSan Eduardo
19%
SucreSan José de Toluviejo
19%
BoyacáSan Pablo de Borbur
19%
MagdalenaSanta Bárbara de Pinto
19%
BolívarSoplaviento
19%
CaldasSupía
19%
ChocóTadó
19%
BolívarTalaigua Nuevo
19%
HuilaTello
19%
HuilaTesalia
19%
CaucaTimbío
19%
CundinamarcaVergara
19%
BolívarZambrano
19%
MagdalenaZapayán
19%
BoyacáArcabuco
18%
ChocóBagadó
18%
HuilaBaraya
18%
MetaCabuyaro
18%
CaucaCajibío
18%
CundinamarcaCaparrapí
18%
SantanderCharalá
18%
TolimaCoello
18%
SantanderContratación
18%
TolimaCoyaima
18%
BoyacáCubará
18%
TolimaCunday
18%
SantanderCurití
18%
MetaEl Calvario
18%
ChocóEl Cantón del San Pablo
18%
SantanderEl Playón
18%
CundinamarcaFosca
18%
CundinamarcaFúquene
18%
BoyacáGaragoa
18%
BoyacáGuacamayas
18%
BoyacáGuateque
18%
BoyacáGüicán de la Sierra
18%
CasanareHato Corozal
18%
HuilaÍquira
18%
HuilaIsnos
18%
SantanderJesús María
18%
NariñoLa Cruz
18%
NariñoLa Florida
18%
CundinamarcaLa Palma
18%
CaucaLa Sierra
18%
NariñoLeiva
18%
NariñoLos Andes
18%
SucreLos Palmitos
18%
Norte de SantanderLos Patios
18%
CundinamarcaMachetá
18%
CaldasMarmato
18%
SantanderMatanza
18%
BolívarMontecristo
18%
Valle del CaucaObando
18%
SantanderOiba
18%
VaupésPacoa
18%
BoyacáPajarito
18%
SucrePalmito
18%
TolimaPalocabildo
18%
VaupésPapunahua
18%
CaucaPatía
18%
BoyacáPaya
18%
BoyacáPaz de Río
18%
SantanderPuerto Parra
18%
ChocóRío Quito
18%
HuilaSaladoblanco
18%
Norte de SantanderSalazar
18%
Norte de SantanderSan Calixto
18%
CaquetáSan José del Fragua
18%
MetaSan Juan de Arama
18%
SucreSan Juan de Betulia
18%
NariñoSan Lorenzo
18%
BolívarSimití
18%
ChocóSipí
18%
CasanareTámara
18%
VaupésTaraira
18%
CundinamarcaTena
18%
BoyacáTinjacá
18%
SantanderTona
18%
CundinamarcaUbaque
18%
Valle del CaucaUlloa
18%
ChocóUnguía
18%
TolimaValle de San Juan
18%
SantanderVetas
18%
HuilaYaguará
18%
VaupésYavaraté
18%
Valle del CaucaYotoco
18%
CundinamarcaZipacón
18%
CaucaAlmaguer
17%
MagdalenaCerro de San Antonio
17%
CundinamarcaChipaque
17%
MagdalenaChivolo
17%
BolívarCicuco
17%
CundinamarcaCogua
17%
ChocóCondoto
17%
NariñoEl Charco
17%
Valle del CaucaEl Dovio
17%
SantanderEl Guacamayo
17%
HuilaElías
17%
NariñoEl Rosario
17%
RisaraldaGuática
17%
CundinamarcaGuayabal de Síquima
17%
CundinamarcaJunín
17%
BoyacáLabranzagrande
17%
RisaraldaLa Celia
17%
CasanareLa Salina
17%
NariñoLa Tola
17%
GuainíaMorichal
17%
HuilaOporapa
17%
HuilaPaicol
17%
GuainíaPana Pana
17%
CaucaPiamonte
17%
NariñoPotosí
17%
NariñoPupiales
17%
CundinamarcaQuetame
17%
BolívarRegidor
17%
BoyacáSan José de Pare
17%
SantanderSimacota
17%
BoyacáSocha
17%
BoyacáSora
17%
BoyacáSotaquirá
17%
HuilaSuaza
17%
HuilaTarqui
17%
BoyacáTibasosa
17%
HuilaTimaná
17%
PutumayoValle del Guamuez
17%
Valle del CaucaVijes
17%
Norte de SantanderÁbrego
16%
GuainíaCacahual
16%
ChocóCarmen del Darién
16%
ChocóCértegui
16%
NariñoChachagüí
16%
CasanareChámeza
16%
Norte de SantanderChinácota
16%
BoyacáChita
16%
Norte de SantanderConvención
16%
NariñoFunes
16%
CaucaInzá
16%
BoyacáJenesano
16%
SantanderLa Belleza
16%
Valle del CaucaLa Cumbre
16%
CaldasLa Merced
16%
CaucaLópez de Micay
16%
NariñoMagüí
16%
GuainíaMapiripana
16%
BolívarNorosí
16%
ChocóNóvita
16%
CasanareNunchía
16%
NariñoOspina
16%
CundinamarcaPasca
16%
CaucaPuracé
16%
CundinamarcaQuebradanegra
16%
CundinamarcaQuipile
16%
CasanareRecetor
16%
ChocóRío Iró
16%
SantanderSabana de Torres
16%
BoyacáSaboyá
16%
CasanareSácama
16%
ChocóSan José del Palmar
16%
NariñoSan Pedro de Cartago
16%
SantanderSanta Helena del Opón
16%
Norte de SantanderSardinata
16%
BoyacáSomondoco
16%
BolívarTiquisio
16%
CaucaTotoró
16%
CundinamarcaVillagómez
16%
NariñoAldana
15%
NariñoAncuya
15%
CundinamarcaBeltrán
15%
NariñoBuesaco
15%
BoyacáBusbanzá
15%
CundinamarcaCachipay
15%
BoyacáCiénega
15%
SantanderConfines
15%
NariñoCuaspud Carlosama
15%
CundinamarcaCucunubá
15%
Norte de SantanderCucutilla
15%
NariñoCumbal
15%
BoyacáEl Espino
15%
BoyacáFloresta
15%
BoyacáGámeza
15%
CundinamarcaGuataquí
15%
CundinamarcaLa Peña
15%
CundinamarcaLenguazaque
15%
NariñoLinares
15%
CaucaMercaderes
15%
SantanderMogotes
15%
CundinamarcaNocaima
15%
CaucaPadilla
15%
CundinamarcaPaime
15%
SantanderPáramo
15%
CaucaPiendamó - Tunía
15%
NariñoRoberto Payán
15%
BoyacáSamacá
15%
SantanderSan Joaquín
15%
SantanderSan José de Miranda
15%
CundinamarcaSupatá
15%
Norte de SantanderTeorama
15%
CundinamarcaTibirita
15%
CundinamarcaTopaipí
15%
CundinamarcaVianí
15%
BoyacáZetaquira
15%
Norte de SantanderBucarasica
14%
BoyacáCampohermoso
14%
CundinamarcaCarmen de Carupa
14%
BoyacáChiscas
14%
NariñoEl Tablón de Gómez
14%
SantanderEncino
14%
SantanderEnciso
14%
BoyacáFiravitoba
14%
SantanderFlorián
14%
CundinamarcaGachalá
14%
BoyacáGachantivá
14%
CaucaJambaló
14%
Norte de SantanderLourdes
14%
CundinamarcaNimaima
14%
CundinamarcaPulí
14%
BoyacáSáchica
14%
BoyacáSan Luis de Gaceno
14%
BoyacáSan Miguel de Sema
14%
CaucaSotará - Paispamba
14%
BoyacáTurmequé
14%
CundinamarcaUbalá
14%
CundinamarcaBituima
13%
BoyacáBoavita
13%
Norte de SantanderCácota
13%
CundinamarcaChaguaní
13%
Norte de SantanderChitagá
13%
BoyacáCorrales
13%
NariñoCumbitara
13%
Norte de SantanderGramalote
13%
Norte de SantanderHacarí
13%
Norte de SantanderHerrán
13%
NariñoIles
13%
NariñoImués
13%
Norte de SantanderLabateca
13%
NariñoLa Llanada
13%
BoyacáMongua
13%
SantanderOcamonte
13%
BoyacáOtanche
13%
NariñoPuerres
13%
NariñoSandoná
13%
BoyacáSoracá
13%
NariñoTangua
13%
CundinamarcaTibacuy
13%
BoyacáTópaga
13%
SantanderValle de San José
13%
Norte de SantanderVilla Caro
13%
BoyacáAlmeida
12%
BoyacáBerbeo
12%
BoyacáBetéitiva
12%
BoyacáChinavita
12%
BoyacáChivor
12%
BoyacáCoper
12%
SantanderCoromoro
12%
BoyacáCovarachía
12%
SantanderGámbita
12%
NariñoGuaitarilla
12%
NariñoGualmatán
12%
BoyacáMaripí
12%
BoyacáPanqueba
12%
BoyacáPauna
12%
SantanderPinchote
12%
BoyacáQuípama
12%
Norte de SantanderRagonvalia
12%
BoyacáSocotá
12%
SantanderSuaita
12%
BoyacáSusacón
12%
BoyacáTipacoque
12%
BoyacáTogüí
12%
NariñoYacuanquer
12%
Norte de SantanderBochalema
11%
SantanderCepitá
11%
NariñoConsacá
11%
NariñoContadero
11%
SantanderGuapotá
11%
SantanderGuavatá
11%
SantanderGüepsa
11%
SantanderMacaravita
11%
NariñoSapuyes
11%
BoyacáSiachoque
11%
Norte de SantanderSilos
11%
NariñoTaminango
11%
BoyacáTununguá
11%
BoyacáTutazá
11%
Norte de SantanderCáchira
10%
SantanderCarcasí
10%
SantanderCharta
10%
Norte de SantanderDurania
10%
NariñoGuachucal
10%
BoyacáMacanal
10%
NariñoMallama
10%
SantanderMolagavita
10%
Norte de SantanderMutiscua
10%
SantanderOnzaga
10%
SantanderSuratá
10%
BoyacáTibaná
10%
BoyacáÚmbita
10%
BoyacáViracachá
10%
BoyacáCerinza
9%
BoyacáChíquiza
9%
BoyacáChitaraque
9%
BoyacáCucaita
9%
BoyacáMotavita
9%
BoyacáPachavita
9%
BoyacáTasco
9%
SantanderChipatá
8%
BoyacáChivatá
8%
BoyacáOicatá
8%
BoyacáCuítiva
7%
BoyacáGuayatá
7%

Distribución de puntuación

Porcentaje por número respondido

Porcentaje de gente con cada puntuación

Historial de tus puntuaciones

No has tomado esta prueba